| 000 | 00676nam a2200229 a 4500 | ||
|---|---|---|---|
| 005 | 20220923063511.0 | ||
| 008 | 010313s1988 mx r 000 0 spa d | ||
| 020 | _a9684264534 | ||
| 035 | _aUPN01000040133 | ||
| 049 | _aCG | ||
| 050 | 4 |
_aHF5549.5 T7 _bC3 no.9 |
|
| 100 | 1 |
_aRodríguez Estrada, Mauro, _d1930-2007 |
|
| 245 | 1 | 0 |
_aMotivación al trabajo / _cMauro Rodríguez Estrada. |
| 250 | _a2a ed. | ||
| 260 |
_aMéxico : _bManual Moderno, _c1988. |
||
| 300 | _a80 p. | ||
| 440 | 0 |
_aCapacitación integral ; _v9 |
|
| 650 | 7 |
_aMotivación (Psicología) _2 _95909 |
|
| 650 | 2 |
_aTrabajo _xAspectos psicológicos _99033 |
|
| 905 | _aLibro | ||
| 999 |
_c40133 _d40133 |
||